01612nam a2200169Ia 4500001001300000003001000013008004100023040002500064041000700089100001800096245007700114250001100191260002200202300001200224500114100236650006501377a1852-45638 IT-MiCISF161014s9999||||xx |||||||||||||| ||und|| aIT-MiCISFcIT-MiCISF ait aGiorgi Simona 0aL'aeroporto delle cicognebCreare e condurre gruppi di genitori adottivi a1a ed. a RomabMagic2008 app. 103 a / adozione, genitori-adottivi, psicologia, figli-adottivi, reti-informali / Spesso - dopo un interminabile iter adottivo - la coppia si trova improvvisamente da sola. I genitori adottivi talvolta non hanno nessun contatto con altre famiglie adottive, e non sanno a chi chiedere informazioni. L'"aeroporto delle cicogne" rappresenta metaforicamente un gruppo di genitori adottivi che, sotto la guida di un conduttore, vive e segue il percorso adottivo di ciascuna coppia componente il gruppo. Avere la possibilità€ di ascoltare come altri stiano affrontando la stessa esperienza costituisce sia un grande sostegno che uno stimolo per far fronte alle problematiche che questa nuova fase della vita comporta. In questo volume l'A., che si occupa di adozione da molti anni, descrive le varie tappe necessarie alla nascita di un gruppo e i problemi legati alla sua gestione. Riporta poi la sua esperienza di conduttrice di gruppi per genitori adottivi, illustrando anche una serie di strumenti - giochi, video, letture - che possono aiutare il conduttore a raggiungere i suoi obiettivi di sostegno, arricchimento, confronto e condivisione. a Genitorialità€ e problemi educativi / adozione-affidoe004